01418nam a2200325 i 4500001001000000003000900010005001700019007000300036008004100039020001800080040003000098041000800128082002500136100003300161245017100194250002300365264007500388300006700463336003300530337003300563338003000596490007200626500005700698500007300755504003200828651009800860700005100958700003901009710004401048000026411DO-SdBNP20240904140939.0ta110317s2022 dr ad 000 0 spa d a9789945934328 aDO-SdBNPbspacBNPHUerda aspa 4a972.93053bL735e2221 aLinares, Manuel4aut.eautor10aLa economía dominicana durante la dictadura de Trujillo (1930-1961) /cManuel Linares ; prefacio, Luisa de Peña Díaz ; cuidado de la edición, Avelino Stanley. aPrimera edición  4aSanto Domingo :bMuseo Memorial de la Resistencia Dominicana,c©2022. a723 páginas ;bilustraciones, cuadros, gráficos ;c23 cm.  2rdacontent ardacontentbtxt 2rdamediaasin mediaciónbn 2rdacarrier avolumen bnc0 aPublicaciones del Museo Memorial de la Resistencia Dominicana ;v12 aIncluye datos biográficos del autor en las solapas aIncluye referencias bibliográficas y notas al pie de las páginas aBibliografía : p. 711-719 7aRepública Dominicana xCondiciones económicasxHistoriayEra de Trujillo, 1930-19612LEMB1 aPeña Díaz, Luisa de,eprologuista4pról.1 aStanley, Avelino,eedición 4ed.1 aUniversidad Autónoma de Santo Domingo